Вып. 1; Электрофизическая аппаратура

Bibliographic Details
Parent link:Электрофизическая аппаратура: сборник статей/ Научно-исследовательский институт электрофизической аппаратуры им. Д. В. Ефремова (НИИЭФА). Вып. 1.— , 1963-1987
Language:Russian
Published: 1963
Subjects:
Format: Book
KOHA link:https://koha.lib.tpu.ru/cgi-bin/koha/opac-detail.pl?biblionumber=378200

MARC

LEADER 00000nam2a2200000 4500
001 378200
005 20231102013002.0
035 |a (RuTPU)RU\TPU\retro\35655 
035 |a RU\TPU\book\359706 
090 |a 378200 
100 |a 20230519d1963 k y0rusy5003 ca 
101 0 |a rus 
102 |a RU 
105 |a a z 001zy 
200 0 |a Вып. 1 
210 |d 1963 
215 |a 202 с.  |c ил. 
320 |a Библиография в конце статей 
461 1 |0 (RuTPU)RU\TPU\book\80376  |t Электрофизическая аппаратура  |o сборник статей  |f Научно-исследовательский институт электрофизической аппаратуры им. Д. В. Ефремова (НИИЭФА)  |v Вып. 1  |d 1963-1987 
606 1 |a Электрофизическая аппаратура  |2 stltpush  |3 (RuTPU)RU\TPU\subj\20986  |9 46043 
610 1 |a проектирование 
610 1 |a исследования 
610 1 |a расчеты 
610 1 |a теория 
610 1 |a ускорители 
610 1 |a синхротроны 
610 1 |a ионные источники 
610 1 |a электронные источники 
610 1 |a циклотроны 
610 1 |a резонансные методы 
675 |a 539.1.076  |z rus  |v 4 
801 0 |a RU  |b RuMRKP  |c 19950704  |g psbo 
801 1 |a RU  |b 63413507  |c 20151103 
801 2 |a RU  |b 63413507  |c 20230519  |g RCR 
942 |c BK